[Event "FRA-chT Top 16 Gp Basse"]
[Site "Chartres"]
[Date "2023.06.11"]
[Round "4.4"]
[White "Tranchant, Sebastien"]
[Black "Jossien, Remy"]
[Result "1-0"]
[WhiteElo "2292"]
[BlackElo "2231"]
[PlyCount "61"]
[EventDate "2023.06.08"]
[EventType "team-tourn"]
[EventRounds "4"]
[EventCountry "FRA"]
[SourceTitle "CBM 214 Extra"]
[Source "ChessBase"]
[SourceDate "2023.07.31"]
[SourceVersion "1"]
[SourceVersionDate "2023.07.31"]
[SourceQuality "1"]
[WhiteTeam "Poitiers Migne"]
[BlackTeam "Cappelle la Grande"]
[WhiteTeamCountry "FRA"]
[BlackTeamCountry "FRA"]

1. d4 d5 2. c4 e6 3. Nc3 Nf6 4. cxd5 exd5 5. Bg5 Be7 6. e3 0-0 7. Bd3 c6 8. Qc2 Nbd7 9. Nge2 Re8 10. 0-0 Nf8 11. f3 h6 12. Bh4 Be6 13. Rad1 Qd7 14. Bf2 b6 15. Kh1 Red8 16. e4 dxe4 17. fxe4 Rac8 18. Bg1 Qb7 19. Ng3 Bg4 20. Rde1 Ne6 21. e5 Nh5 22. Nf5 Nhf4 23. Be4 Bxf5 24. Bxf5 g6 25. Be4 Bf8 26. Be3 Nd5 27. Bxg6 fxg6 28. Qxg6+ Ng7 29. Ne4 Bb4 30. Bxh6 Bxe1 31. Ng5 1-0

[Event "FRA-chT Top 16 GpB"]
[Site "Chartres"]
[Date "2023.06.04"]
[Round "4.1"]
[White "Maghsoodloo, Parham"]
[Black "Tranchant, Sebastien"]
[Result "1-0"]
[WhiteElo "2734"]
[BlackElo "2292"]
[PlyCount "79"]
[EventDate "2023.06.01"]
[EventType "team-tourn"]
[EventRounds "7"]
[EventCountry "FRA"]
[SourceTitle "CBM 214 Extra"]
[Source "ChessBase"]
[SourceDate "2023.07.31"]
[SourceVersion "1"]
[SourceVersionDate "2023.07.31"]
[SourceQuality "1"]
[WhiteTeam "Clichy Echecs 92"]
[BlackTeam "Poitiers Migne"]
[WhiteTeamCountry "FRA"]
[BlackTeamCountry "FRA"]

1. d4 d5 2. c4 c6 3. Nf3 Nf6 4. e3 Bf5 5. Nc3 e6 6. Nh4 Bg6 7. Nxg6 hxg6 8. Bd2 Nbd7 9. Qc2 Be7 10. Rc1 a6 11. g3 Rc8 12. Qb3 Qc7 13. cxd5 exd5 14. Bg2 Nb6 15. e4 dxe4 16. Nxe4 Nbd5 17. Nxf6+ Nxf6 18. d5 0-0 19. dxc6 bxc6 20. 0-0 c5 21. Qc4 Rfd8 22. Bc3 Qb6 23. Rfe1 Bf8 24. a4 Ne8 25. a5 Qa7 26. Bf1 Ra8 27. Be5 Nd6 28. Qxc5 Qxc5 29. Rxc5 Nb7 30. Rc7 Nd6 31. Rd1 f6 32. Bc3 Re8 33. Bb4 Nb5 34. Bxb5 axb5 35. Bxf8 Kxf8 36. Rdd7 Rxa5 37. Rxg7 Re2 38. b4 Ra6 39. Rcf7+ Ke8 40. Rb7 1-0

[Event "FRA-chT Top 16 GpB"]
[Site "Chartres"]
[Date "2023.06.03"]
[Round "3.4"]
[White "Tranchant, Sebastien"]
[Black "Migot, Tangi"]
[Result "1/2-1/2"]
[WhiteElo "2292"]
[BlackElo "2373"]
[PlyCount "146"]
[EventDate "2023.06.01"]
[EventType "team-tourn"]
[EventRounds "7"]
[EventCountry "FRA"]
[SourceTitle "CBM 214 Extra"]
[Source "ChessBase"]
[SourceDate "2023.07.31"]
[SourceVersion "1"]
[SourceVersionDate "2023.07.31"]
[SourceQuality "1"]
[WhiteTeam "Poitiers Migne"]
[BlackTeam "Metz Fischer"]
[WhiteTeamCountry "FRA"]
[BlackTeamCountry "FRA"]

1. d4 d5 2. c4 c6 3. Nf3 Nf6 4. Qb3 dxc4 5. Qxc4 Bf5 6. g3 e6 7. Bg2 Be7 8. 0-0 0-0 9. e3 Nbd7 10. Rd1 Rc8 11. Qe2 Bg6 12. Nc3 b5 13. a3 a5 14. b3 Qb6 15. Nh4 Bh5 16. Bf3 Bxf3 17. Nxf3 Rfd8 18. Bb2 b4 19. axb4 axb4 20. Na4 Qb5 21. Qc2 Qd5 22. Nd2 Qh5 23. Kg2 c5 24. Nc4 cxd4 25. Bxd4 e5 26. Bb2 e4 27. Rd2 Qf3+ 28. Kg1 h5 29. Qd1 Qf5 30. Qe2 Qh3 31. Qf1 Qe6 32. Rad1 h4 33. Bxf6 Nxf6 34. Rxd8+ Rxd8 35. Rxd8+ Bxd8 36. Qd1 Bc7 37. Nc5 Qc8 38. Na4 Qh3 39. Qf1 Qg4 40. Nab2 Qf5 41. Nd2 Bd6 42. Nbc4 Bc5 43. Qa1 Qg4 44. Kg2 h3+ 45. Kg1 Qe2 46. Qf1 Qh5 47. f3 Qg5 48. Qe2 Qf5 49. fxe4 Nxe4 50. Qf3 Qxf3 51. Nxf3 g5 52. g4 Kg7 53. Kf1 f5 54. gxf5 Kf6 55. Ne1 Kxf5 56. Nd3 g4 57. Nc1 Nd6 58. Nd3 Nxc4 59. Nxc5 Nxe3+ 60. Kf2 Nd5 61. Kg3 Ne3 62. Kf2 Nd5 63. Kg3 Nf6 64. Nd3 Kg5 65. Kf2 Ne4+ 66. Kg1 Nd2 67. Nxb4 Nxb3 68. Nd3 Nd4 69. Kf2 Kf5 70. Kg3 Nf3 71. Nf2 Nd2 72. Nxg4 Nf1+ 73. Kxh3 Nxh2 1/2-1/2

[Event "FRA-chT Top 12"]
[Site "Montpellier"]
[Date "2015.06.07"]
[Round "9.2"]
[White "Tranchant, Sebastien"]
[Black "Fedorchuk, Sergey A"]
[Result "0-1"]
[WhiteElo "2275"]
[BlackElo "2657"]
[PlyCount "76"]
[EventDate "2015.05.30"]
[EventType "team-tourn"]
[EventRounds "11"]
[EventCountry "FRA"]
[SourceTitle "CBM 166 Extra"]
[Source "ChessBase"]
[SourceDate "2015.06.18"]
[SourceVersion "1"]
[SourceVersionDate "2015.06.18"]
[SourceQuality "1"]
[WhiteTeam "Poitiers Migne"]
[BlackTeam "Evry Grand Roque"]
[WhiteTeamCountry "FRA"]
[BlackTeamCountry "FRA"]

1. d4 Nf6 2. c4 e6 3. Nc3 Bb4 4. e3 0-0 5. Nge2 d5 6. a3 Be7 7. cxd5 exd5 8. Nf4 a5 9. Bd3 c6 10. f3 Na6 11. 0-0 Nc7 12. Bc2 c5 13. Kh1 b6 14. Re1 Rb8 15. Nce2 Re8 16. dxc5 bxc5 17. Ba4 Bd7 18. Bd2 Rxb2 19. Bxd7 Qxd7 20. Bxa5 Ne6 21. Bc3 Rb7 22. Qd2 Rd8 23. Red1 Qa4 24. Rab1 Rbd7 25. Qc1 Qa6 26. Rd2 h6 27. Qb2 d4 28. exd4 cxd4 29. Bxd4 Bxa3 30. Qa1 Nxd4 31. Rxd4 Rxd4 32. Nxd4 Qd6 33. Nb5 Qxf4 34. Qxa3 Rd2 35. Qc5 Nd5 36. Nc3 Ne3 37. Rg1 Rxg2 38. Nd5 Qxh2# 0-1

[Event "FRA-chT Top 12"]
[Site "Montpellier"]
[Date "2015.06.06"]
[Round "8.2"]
[White "Fressinet, Laurent"]
[Black "Tranchant, Sebastien"]
[Result "1-0"]
[WhiteElo "2712"]
[BlackElo "2275"]
[PlyCount "33"]
[EventDate "2015.05.30"]
[EventType "team-tourn"]
[EventRounds "11"]
[EventCountry "FRA"]
[SourceTitle "CBM 166 Extra"]
[Source "ChessBase"]
[SourceDate "2015.06.18"]
[SourceVersion "1"]
[SourceVersionDate "2015.06.18"]
[SourceQuality "1"]
[WhiteTeam "Clichy Echecs 92"]
[BlackTeam "Poitiers Migne"]
[WhiteTeamCountry "FRA"]
[BlackTeamCountry "FRA"]

1. e4 c5 2. Nf3 g6 3. c3 d5 4. exd5 Qxd5 5. d4 Bg7 6. Na3 cxd4 7. Nb5 Na6 8. Nbxd4 Nf6 9. Bb5+ Bd7 10. Qe2 Bxb5 11. Nxb5 0-0 12. 0-0 b6 13. Re1 Rfe8 14. Bf4 Qb7 15. Rad1 Rad8 16. Bg3 Kf8 17. Rxd8 1-0

[Event "FRA-chT Top 12"]
[Site "Montpellier"]
[Date "2015.06.01"]
[Round "3.5"]
[White "Tranchant, Sebastien"]
[Black "Koch, Jean Rene"]
[Result "1/2-1/2"]
[WhiteElo "2275"]
[BlackElo "2452"]
[PlyCount "51"]
[EventDate "2015.05.30"]
[EventType "team-tourn"]
[EventRounds "11"]
[EventCountry "FRA"]
[SourceTitle "CBM 166 Extra"]
[Source "ChessBase"]
[SourceDate "2015.06.18"]
[SourceVersion "1"]
[SourceVersionDate "2015.06.18"]
[SourceQuality "1"]
[WhiteTeam "Poitiers Migne"]
[BlackTeam "Metz Fischer"]
[WhiteTeamCountry "FRA"]
[BlackTeamCountry "FRA"]

1. d4 d5 2. c4 e6 3. Nc3 Bb4 4. a3 Bxc3+ 5. bxc3 b6 6. cxd5 exd5 7. e3 Ne7 8. Bd3 Bf5 9. Ne2 Qc8 10. f3 Bxd3 11. Qxd3 Qa6 12. Qd2 f5 13. 0-0 0-0 14. Nf4 Qc4 15. a4 Rf7 16. a5 Nbc6 17. axb6 cxb6 18. Qc2 Rc8 19. Ra4 Qb5 20. c4 Na5 21. cxb5 Rxc2 22. Ba3 Ra2 23. Rf2 Ra1+ 24. Rf1 Ra2 25. Rf2 Ra1+ 26. Rf1 1/2-1/2

[Event "FRA-chT Top 12"]
[Site "Haguenau"]
[Date "2013.06.05"]
[Round "7.5"]
[White "Tranchant, Sebastien"]
[Black "Philippe, Christophe"]
[Result "0-1"]
[WhiteElo "2258"]
[BlackElo "2372"]
[PlyCount "80"]
[EventDate "2013.05.30"]
[EventType "team-tourn"]
[EventRounds "11"]
[EventCountry "FRA"]
[SourceTitle "CBM 154 Extra"]
[Source "ChessBase"]
[SourceDate "2013.06.25"]
[SourceVersion "2"]
[SourceVersionDate "2013.06.25"]
[SourceQuality "1"]
[WhiteTeam "Migne Echecs"]
[BlackTeam "Vandoeuvre"]
[WhiteTeamCountry "FRA"]
[BlackTeamCountry "FRA"]

1. d4 f5 2. g3 Nf6 3. Bg2 g6 4. Nf3 Bg7 5. b3 0-0 6. Bb2 d6 7. 0-0 Ne4 8. Nbd2 Nc6 9. Ne1 Nxd2 10. Qxd2 e5 11. Bd5+ Kh8 12. Bxc6 bxc6 13. dxe5 dxe5 14. Nd3 e4 15. Bxg7+ Kxg7 16. Qc3+ Qf6 17. Qxf6+ Kxf6 18. Nc5 Rd8 19. Rfd1 Rd5 20. Na4 Be6 21. c4 Rd6 22. Kf1 g5 23. Nc5 Rad8 24. Ke1 Bc8 25. g4 Ke5 26. gxf5 Rf8 27. f3 exf3 28. Nd3+ Kxf5 29. exf3 Rfd8 30. Nf2 Kf4 31. Ke2 Re8+ 32. Kf1 Kxf3 33. Rxd6 cxd6 34. Rd1 d5 35. cxd5 cxd5 36. Nd3 Ba6 37. Kg1 Bxd3 38. Rxd3+ Re3 39. Rd1 d4 40. h4 d3 0-1

[Event "FRA-chT Top 12"]
[Site "Haguenau"]
[Date "2013.06.01"]
[Round "3.7"]
[White "Tranchant, Sebastien"]
[Black "Vernay, Clovis"]
[Result "0-1"]
[WhiteElo "2258"]
[BlackElo "2434"]
[PlyCount "136"]
[EventDate "2013.05.30"]
[EventType "team-tourn"]
[EventRounds "11"]
[EventCountry "FRA"]
[SourceTitle "CBM 154 Extra"]
[Source "ChessBase"]
[SourceDate "2013.06.25"]
[SourceVersion "2"]
[SourceVersionDate "2013.06.25"]
[SourceQuality "1"]
[WhiteTeam "Migne Echecs"]
[BlackTeam "Chalons en Champagne"]
[WhiteTeamCountry "FRA"]
[BlackTeamCountry "FRA"]

1. d4 d5 2. c4 c6 3. Nf3 Nf6 4. Qc2 g6 5. Bf4 Bg7 6. e3 0-0 7. Nc3 Qa5 8. Be2 dxc4 9. Bxc4 b5 10. Bb3 c5 11. dxc5 Bf5 12. Qe2 Ne4 13. 0-0 Nxc3 14. bxc3 Bxc3 15. Bd5 Na6 16. Bxa8 Bxa1 17. Rxa1 Rxa8 18. Rc1 Rc8 19. c6 Nb4 20. Nd4 Qa3 21. Rd1 Bd3 22. Qg4 f5 23. Qg5 Nxc6 24. h4 Kf7 25. Qh6 Nxd4 26. Qxh7+ Ke6 27. Qxg6+ Kd7 28. exd4 Qxa2 29. Re1 Rg8 30. Qh7 Be4 31. Bg5 Rxg5 32. hxg5 Qd2 33. Re3 Qd1+ 34. Kh2 Qxd4 35. Qh3 Qe5+ 36. Kg1 Qa1+ 37. Kh2 Qe5+ 38. Rg3 b4 39. g6 b3 40. g7 b2 41. g8Q b1Q 42. Qh5 Qb6 43. Qhe8+ Kd6 44. f4 Qxf4 45. Qgg6+ Kd5 46. Qd7+ Qfd6 47. Qge6+ Kc5 48. Qexe7 a6 49. Kh3 Qxe7 50. Qxe7+ Kd5 51. Qg7 Qb1 52. Qd7+ Ke5 53. Qc7+ Kd5 54. Kh2 Qb5 55. Rg6 Qc5 56. Qb7+ Kc4 57. Qxa6+ Kd5 58. Qa2+ Kd4 59. Qd2+ Kc4 60. Qf4 Qd4 61. Rd6 Qh8+ 62. Rh6 Qb2 63. Qc7+ Kd3 64. Rh3+ Ke2 65. Qc4+ Ke1 66. Re3+ Kf2 67. Qc5 Kf1 68. Rxe4 Qxg2# 0-1

[Event "FRA-chT Top 12"]
[Site "Haguenau"]
[Date "2013.05.30"]
[Round "1.7"]
[White "Tranchant, Sebastien"]
[Black "Roos, Jean Luc"]
[Result "0-1"]
[WhiteElo "2258"]
[BlackElo "2256"]
[PlyCount "94"]
[EventDate "2013.05.30"]
[EventType "team-tourn"]
[EventRounds "11"]
[EventCountry "FRA"]
[SourceTitle "CBM 154 Extra"]
[Source "ChessBase"]
[SourceDate "2013.06.25"]
[SourceVersion "2"]
[SourceVersionDate "2013.06.25"]
[SourceQuality "1"]
[WhiteTeam "Migne Echecs"]
[BlackTeam "Strasbourg"]
[WhiteTeamCountry "FRA"]
[BlackTeamCountry "FRA"]

1. d4 d5 2. c4 e6 3. Nc3 Be7 4. cxd5 exd5 5. Bf4 Nf6 6. e3 Bf5 7. Qb3 Qc8 8. Nf3 Nc6 9. Rc1 0-0 10. Be2 a6 11. 0-0 Na5 12. Qa4 Nc6 13. Qb3 Na5 14. Qd1 Qd8 15. Na4 Bd6 16. Ne5 Nd7 17. Nxd7 Qxd7 18. Nc5 Qe7 19. Bxd6 cxd6 20. Na4 Qd8 21. Nc3 Be6 22. e4 b5 23. exd5 Bf5 24. Qd2 Qd7 25. Nd1 Nb7 26. Qf4 Rfc8 27. Ne3 Rxc1 28. Rxc1 Bg6 29. Rc6 Qe7 30. h4 f6 31. Bf3 Be8 32. Rc1 g6 33. h5 Nd8 34. hxg6 hxg6 35. Qh4 Nf7 36. g3 Kg7 37. Qe4 Qd8 38. Bg2 Bd7 39. Qd3 Qb6 40. b3 Re8 41. g4 Rh8 42. Be4 Rh6 43. Kg2 Ng5 44. Bf3 Qd8 45. Nf1 f5 46. gxf5 Bxf5 47. Qc3 Bh3+ 0-1

[Event "FRA-chT1A 1112"]
[Site "France"]
[Date "2012.01.15"]
[Round "7.5"]
[White "Tranchant, Sebastien"]
[Black "Beneteau, Hubert"]
[Result "1-0"]
[WhiteElo "2246"]
[BlackElo "2144"]
[PlyCount "53"]
[EventDate "2011.10.16"]
[EventType "team-tourn"]
[EventRounds "11"]
[EventCountry "FRA"]
[SourceTitle "EXT 2013"]
[Source "ChessBase"]
[SourceDate "2012.11.22"]
[SourceVersion "1"]
[SourceVersionDate "2012.11.22"]
[SourceQuality "1"]
[WhiteTeam "Migne Auxences"]
[BlackTeam "Agneaux Saint Lo"]
[WhiteTeamCountry "FRA"]
[BlackTeamCountry "FRA"]

1. e4 c5 2. Nf3 e6 3. g3 Nc6 4. Bg2 Nf6 5. d3 d5 6. Qe2 Be7 7. 0-0 0-0 8. e5 Nd7 9. c4 d4 10. h4 Rb8 11. Bf4 Qc7 12. Re1 Rd8 13. Nh2 a6 14. Ng4 Kh8 15. Nd2 Nf8 16. Bg5 Ng6 17. Nf3 b5 18. h5 Nf8 19. b3 Bd7 20. Qd2 Be8 21. Bf6 Nd7 22. Qg5 gxf6 23. exf6 Bf8 24. h6 Nxf6 25. Nxf6 Ne7 26. Ne5 Ng6 27. f4 1-0

[Event "FRA-chT1 0910"]
[Site "France"]
[Date "2009.10.18"]
[Round "3.2"]
[White "Tranchant, Sebastien"]
[Black "Piankov, Evgenij"]
[Result "0-1"]
[WhiteElo "2244"]
[BlackElo "2367"]
[PlyCount "82"]
[EventDate "2009.09.27"]
[EventType "team-tourn"]
[EventRounds "11"]
[EventCountry "FRA"]
[SourceTitle "EXT 2011"]
[Source "ChessBase"]
[SourceDate "2010.11.26"]
[SourceVersion "1"]
[SourceVersionDate "2010.11.26"]
[SourceQuality "1"]

1. c4 c6 2. Nf3 d5 3. e3 Nf6 4. Nc3 a6 5. b3 Bg4 6. Be2 e6 7. Bb2 Bd6 8. Nd4 Bxe2 9. Ncxe2 0-0 10. f4 c5 11. Nf3 Nc6 12. Nc1 Bc7 13. g4 d4 14. g5 Nd7 15. exd4 cxd4 16. Nd3 e5 17. fxe5 Ndxe5 18. Nfxe5 Nxe5 19. Nxe5 Re8 20. Qg4 Rxe5+ 21. Kd1 Qxg5 22. Rg1 Qxg4+ 23. Rxg4 f5 24. Rxd4 Re7 25. Rd5 f4 26. Kc2 Rd8 27. Rg5 Rdd7 28. Rg2 Rf7 29. Rf1 Rf5 30. Rf3 g5 31. h4 h6 32. hxg5 hxg5 33. Kd1 Kf7 34. Rh3 Kg6 35. Rh8 Rd8 36. Rgh2 Rxh8 37. Rxh8 Rf7 38. Ke2 Kf5 39. Bd4 Re7+ 40. Kf3 g4+ 41. Kf2 Ke4 0-1

[Event "FRA-chT1A 0708"]
[Site "France"]
[Date "2008.02.10"]
[Round "7.4"]
[White "Belkhodja, Slim"]
[Black "Tranchant, Sebastien"]
[Result "1-0"]
[WhiteElo "2478"]
[BlackElo "2247"]
[PlyCount "79"]
[EventDate "2007.10.21"]
[EventType "team-tourn"]
[EventRounds "11"]
[EventCountry "FRA"]
[SourceTitle "EXT 2009"]
[Source "ChessBase"]
[SourceDate "2008.11.26"]
[SourceVersion "1"]
[SourceVersionDate "2008.11.26"]
[SourceQuality "1"]
[WhiteTeam "Chalons en Champagne"]
[BlackTeam "Niort"]
[WhiteTeamCountry "FRA"]
[BlackTeamCountry "FRA"]

1. e4 c5 2. Nf3 d6 3. d4 cxd4 4. Qxd4 a6 5. c4 Nc6 6. Qd2 Nf6 7. Nc3 g6 8. b3 Bg7 9. Bb2 0-0 10. Be2 Bg4 11. 0-0 Qa5 12. Rab1 Rfc8 13. a3 Nd7 14. Rfd1 Qd8 15. Nd5 Bxb2 16. Qxb2 Qf8 17. Nd4 Bxe2 18. Qxe2 Rd8 19. h4 Rac8 20. h5 e6 21. Ne3 Nde5 22. Rd2 g5 23. Rbd1 Qg7 24. Nxc6 Rxc6 25. b4 g4 26. Qf1 Qg5 27. c5 Kh8 28. Rxd6 Rcxd6 29. Rxd6 Rg8 30. Qa1 g3 31. Qe1 Qf4 32. h6 Qxe4 33. fxg3 f6 34. Qf2 Qb1+ 35. Qf1 Qg6 36. Rxe6 Qxh6 37. Qf4 Qg6 38. Rxf6 Qxg3 39. Qxg3 Rxg3 40. Nf5 1-0

[Event "FRA-chT1A 0607"]
[Site "France"]
[Date "2007.02.11"]
[Round "8.5"]
[White "Guyard, Rodolphe"]
[Black "Tranchant, Sebastien"]
[Result "0-1"]
[WhiteElo "2127"]
[BlackElo "2209"]
[PlyCount "90"]
[EventDate "2006.10.15"]
[EventType "team-tourn"]
[EventRounds "11"]
[EventCountry "FRA"]
[SourceTitle "EXT 2008"]
[Source "ChessBase"]
[SourceDate "2007.11.25"]
[SourceVersion "1"]
[SourceVersionDate "2007.11.25"]
[SourceQuality "1"]
[WhiteTeam "Evry Grand Roque II"]
[BlackTeam "Niort"]
[WhiteTeamCountry "FRA"]
[BlackTeamCountry "FRA"]

1. e4 c5 2. Nf3 d6 3. d4 cxd4 4. Nxd4 Nf6 5. Nc3 a6 6. Be2 e5 7. Nb3 Be7 8. Qd3 0-0 9. Qg3 Kh8 10. 0-0 Be6 11. f4 Qc7 12. Rf2 b5 13. Bf3 b4 14. fxe5 bxc3 15. exf6 Bxf6 16. bxc3 Bxc3 17. Bf4 Be5 18. Rd1 Nc6 19. Rfd2 a5 20. Rxd6 Qb6+ 21. Kh1 Bxd6 22. Bxd6 Rfe8 23. Bc7 Qb5 24. Qd6 Rac8 25. e5 Nxe5 26. Nd4 Qc4 27. Nxe6 Nxf3 28. gxf3 fxe6 29. Bxa5 Qe2 30. Qd3 Rxc2 31. Qxe2 Rxe2 32. a3 Re3 33. Ra1 Rxf3 34. Kg2 Rb3 35. Bc7 Rc8 36. Be5 Rc5 37. Bg3 Rc2+ 38. Kh3 Rcc3 39. a4 Ra3 40. Re1 Rc6 41. Rb1 h6 42. Rb8+ Kh7 43. Ra8 Kg6 44. a5 Rc5 45. Ra6 Kf6 0-1

[Event "FRA-chT1A 0607"]
[Site "France"]
[Date "2007.02.11"]
[Round "11.4"]
[White "Jossien, Remy"]
[Black "Tranchant, Sebastien"]
[Result "1-0"]
[WhiteElo "2276"]
[BlackElo "2209"]
[PlyCount "111"]
[EventDate "2006.10.15"]
[EventType "team-tourn"]
[EventRounds "11"]
[EventCountry "FRA"]
[SourceTitle "EXT 2008"]
[Source "ChessBase"]
[SourceDate "2007.11.25"]
[SourceVersion "1"]
[SourceVersionDate "2007.11.25"]
[SourceQuality "1"]
[WhiteTeam "Cappelle la Grande"]
[BlackTeam "Niort"]
[WhiteTeamCountry "FRA"]
[BlackTeamCountry "FRA"]

1. d4 Nf6 2. Nc3 d5 3. Bg5 c5 4. Bxf6 gxf6 5. e4 dxe4 6. dxc5 f5 7. Bc4 e6 8. Qh5 Qd4 9. Bb3 Bxc5 10. Nh3 Be7 11. 0-0 a6 12. Rad1 Qf6 13. Qe2 Nc6 14. Qe3 Rg8 15. f3 exf3 16. Rxf3 Qe5 17. Qd3 Rg4 18. Nf2 Rd4 19. Qf1 Rxd1 20. Qxd1 h6 21. Nd3 Qd4+ 22. Kh1 Bd7 23. Qf1 0-0-0 24. Rf4 Qd6 25. Na4 Na5 26. h3 Rg8 27. Qe1 Nxb3 28. axb3 Bc6 29. Rf2 Qg3 30. Nf4 Bh4 31. Qe5 Bxa4 32. Rf3 Qe1+ 33. Qxe1 Bxe1 34. bxa4 Bb4 35. Kg1 Bd6 36. Nd3 Kd7 37. b3 b5 38. axb5 axb5 39. c3 Rc8 40. Nc1 f4 41. Ne2 e5 42. Rd3 Ke6 43. Rd1 Rc7 44. Ra1 Ra7 45. Rxa7 Bc5+ 46. Nd4+ exd4 47. Ra6+ Kd5 48. cxd4 Kxd4 49. Kf1 Kc3 50. Rc6 Kb4 51. Rxh6 Kxb3 52. Ke2 Be3 53. Rh8 Kc4 54. Rc8+ Bc5 55. h4 Kd5 56. Rxc5+ 1-0

[Event "FRA-chT1A 0607"]
[Site "France"]
[Date "2006.11.25"]
[Round "2.4"]
[White "Mullon, Jean Baptiste"]
[Black "Tranchant, Sebastien"]
[Result "1/2-1/2"]
[WhiteElo "2344"]
[BlackElo "2209"]
[PlyCount "93"]
[EventDate "2006.10.15"]
[EventType "team-tourn"]
[EventRounds "11"]
[EventCountry "FRA"]
[SourceTitle "EXT 2008"]
[Source "ChessBase"]
[SourceDate "2007.11.25"]
[SourceVersion "1"]
[SourceVersionDate "2007.11.25"]
[SourceQuality "1"]
[WhiteTeam "Clichy II"]
[BlackTeam "Niort"]
[WhiteTeamCountry "FRA"]
[BlackTeamCountry "FRA"]

1. e4 c5 2. Nc3 d6 3. Nf3 Nf6 4. d4 cxd4 5. Nxd4 e6 6. g4 h6 7. Rg1 Be7 8. Be3 Nc6 9. Qe2 Nxd4 10. Bxd4 e5 11. Be3 a6 12. h4 Be6 13. g5 Nd7 14. 0-0-0 Rc8 15. Nd5 Bxd5 16. exd5 hxg5 17. hxg5 g6 18. Qg4 Bf8 19. Bh3 Bg7 20. Rh1 b5 21. Qb4 Qc7 22. c3 Rb8 23. Bxd7+ Kxd7 24. f4 Rbe8 25. fxe5 Bxe5 26. Rhf1 Kd8 27. Bd4 Bxd4 28. Qxd4 Re5 29. Rf6 Rh7 30. Qf4 Ke8 31. a4 Qc5 32. axb5 axb5 33. Kb1 Ke7 34. Ka2 Qc4+ 35. Qxc4 bxc4 36. Rf4 Rxg5 37. Rxc4 Rhh5 38. Rc7+ Kf6 39. c4 Rh2 40. Rd7 Ke5 41. Re1+ Kd4 42. Rxd6 Kxc4 43. Rc1+ Kb5 44. Rd7 Rd2 45. d6 Rgd5 46. Rb7+ Ka6 47. Rxf7 1/2-1/2

[Event "FRA-chT1A 0607"]
[Site "France"]
[Date "2006.11.06"]
[Round "3.5"]
[White "Housieaux, David"]
[Black "Tranchant, Sebastien"]
[Result "1-0"]
[WhiteElo "2336"]
[BlackElo "2209"]
[PlyCount "81"]
[EventDate "2006.10.15"]
[EventType "team-tourn"]
[EventRounds "11"]
[EventCountry "FRA"]
[SourceTitle "EXT 2008"]
[Source "ChessBase"]
[SourceDate "2007.11.25"]
[SourceVersion "1"]
[SourceVersionDate "2007.11.25"]
[SourceQuality "1"]
[WhiteTeam "Noyon"]
[BlackTeam "Niort"]
[WhiteTeamCountry "FRA"]
[BlackTeamCountry "FRA"]

1. d4 Nf6 2. c4 c5 3. d5 e6 4. Nc3 exd5 5. cxd5 d6 6. Nf3 g6 7. g3 Bg7 8. Bg2 0-0 9. 0-0 a6 10. a4 Re8 11. h3 Nbd7 12. Bf4 Qe7 13. e4 Nh5 14. Bd2 Rb8 15. Rb1 c4 16. Be3 Ne5 17. Nxe5 Bxe5 18. Ba7 Ra8 19. Bd4 Bd7 20. a5 f5 21. Bxe5 Qxe5 22. f4 Qg7 23. Kh2 Nf6 24. e5 dxe5 25. fxe5 Rxe5 26. Rf4 Nh5 27. Rxc4 Re3 28. Qd4 Qxd4 29. Rxd4 Rd8 30. g4 Nf6 31. g5 Nh5 32. Rbd1 f4 33. Rf1 Re5 34. h4 Bg4 35. Rf2 h6 36. gxh6 Kh7 37. Ne4 Kxh6 38. Ng5 Rd7 39. b4 Re2 40. Rxe2 Bxe2 41. Bh3 1-0

[Event "FRA-ch Accession"]
[Site "Besancon"]
[Date "2006.08.18"]
[Round "4"]
[White "Humeau, Cyril"]
[Black "Tranchant, Sebastien"]
[Result "1/2-1/2"]
[WhiteElo "2095"]
[BlackElo "2222"]
[PlyCount "40"]
[EventDate "2006.08.15"]
[EventType "swiss"]
[EventRounds "10"]
[EventCountry "FRA"]
[SourceTitle "CBM 113 Extra"]
[Source "ChessBase"]
[SourceDate "2006.09.14"]
[SourceVersion "1"]
[SourceVersionDate "2006.09.14"]
[SourceQuality "1"]

1. c4 c5 2. Nc3 g6 3. g3 Bg7 4. Bg2 d6 5. d3 Nc6 6. f4 e6 7. Nf3 Nge7 8. 0-0 a6 9. e4 Nd4 10. Nxd4 Bxd4+ 11. Kh1 Nc6 12. Ne2 Bg7 13. Rb1 0-0 14. Be3 Qb6 15. Qd2 f5 16. exf5 gxf5 17. Rfd1 Nd4 18. b4 Qc7 19. bxc5 dxc5 20. Bxd4 cxd4 1/2-1/2

[Event "FRA-chT2A 0506"]
[Site "France"]
[Date "2005.10.16"]
[Round "1.3"]
[White "Jegourel, Cyrille"]
[Black "Tranchant, Sebastien"]
[Result "0-1"]
[WhiteElo "2077"]
[BlackElo "2191"]
[PlyCount "101"]
[EventDate "2005.10.27"]
[EventType "team-tourn"]
[EventRounds "11"]
[EventCountry "FRA"]
[SourceTitle "EXT 2006"]
[Source "ChessBase"]
[SourceDate "2005.11.24"]
[SourceVersion "1"]
[SourceVersionDate "2005.11.24"]
[SourceQuality "1"]
[WhiteTeam "Rennes Paul Bert"]
[BlackTeam "Niort"]
[WhiteTeamCountry "FRA"]
[BlackTeamCountry "FRA"]

1. e4 c5 2. Nf3 g6 3. d4 cxd4 4. Nxd4 Nc6 5. c4 Nf6 6. Nc3 d6 7. Be2 Nxd4 8. Qxd4 Bg7 9. Be3 0-0 10. Qd2 Be6 11. Rc1 Qa5 12. 0-0 Rfc8 13. b3 a6 14. f3 b5 15. Nb1 b4 16. Bd4 Nd7 17. Bxg7 Kxg7 18. Qd4+ f6 19. Nd2 Qc5 20. Qxc5 Nxc5 21. a3 Rab8 22. Ra1 g5 23. g3 h6 24. Rfb1 f5 25. Bf1 f4 26. Rb2 Kf6 27. Nb1 Rc6 28. Kf2 Rcb6 29. a4 Ke5 30. Nd2 h5 31. Be2 Rg8 32. Rbb1 Rbb8 33. Rg1 Rbf8 34. gxf4+ gxf4 35. Rad1 a5 36. Rxg8 Rxg8 37. Bf1 h4 38. Rb1 Kd4 39. Rc1 h3 40. e5 Rg2+ 41. Bxg2 Nd3+ 42. Kg1 Nxc1 43. exd6 exd6 44. Bf1 Ke3 45. Ne4 Nxb3 46. Ng5 Nd4 47. Nxe6 Nxe6 48. Bxh3 Nd4 49. Bd7 b3 50. Be8 Nxf3+ 51. Kg2 0-1